Movies by release date 60's & 70's - Statistics

General Stats
  • This quiz has been taken 23 times
  • The average score is 11 of 20
Answer Stats
Movie Year % Correct
The Exorcist 1973
95%
Rocky 1976
80%
Jaws 1975
75%
Psycho 1960
70%
2001: A Space Odyssey 1968
70%
Lawrence of Arabia 1962
65%
Dirty Harry 1971
65%
The Good, the Bad, and the Ugly 1966
60%
Butch Cassidy and the Sundance Kid 1969
60%
Dr. No 1962
55%
Dr. Strangelove 1964
55%
The French Connection 1971
55%
Once upon a Time in the West 1968
50%
Monty Python and the Holy Grail 1975
50%
Cool Hand Luke 1967
40%
The Sting 1973
40%
Doctor Zhivago 1965
35%
Watership Down 1978
30%
A Bridge Too Far 1977
15%
Escape from Alcatraz 1979
15%
No matching quizzes found
Score Distribution
Percent of People with Each Score
Percentile by Number Answered
Your Score History
You have not taken this quiz